| 000 | 00408 a2200169 4500 | ||
|---|---|---|---|
| 001 | 146022 | ||
| 040 | _cLeonardo Da Vinci | ||
| 041 | _aPortuguês | ||
| 082 |
_a869.3 C871v _bC871v |
||
| 100 | _aCOUTO, Mia | ||
| 245 |
_aVozes anoitecidas _bcontos |
||
| 260 |
_bCompanhia da Letras _c2015 _aSão Paulo |
||
| 300 | _a151 | ||
| 362 | _a20150000 | ||
| 697 |
_aContos moçambicanos _aLiteratura |
||
| 942 | _cBK | ||
| 999 |
_c146022 _d146022 |
||